From lake to sand : the archaeology of Farafra Oasis Western Desert, Egypt /

محفوظ في:

المؤلف الرئيسي: Barich, Barbara E. (مؤلف)

مؤلفون آخرون: Lucarini, Giulio.

التنسيق: كتاب

اللغة: English

منشور في: Firenze : All'insegna del giglio, 2014.

الموضوعات:

الوسوم: إضافة وسم

لا توجد وسوم, كن أول من يضع وسما على هذه التسجيلة!

رقم الطلب: DT154 .F27 F76

LEADER 01055namaa2200277 4500
003 OSt
005 20200607135902.0
008 130303s2014 it a e b 000 0 eng d
952 |0 0  |1 0  |2 lcc  |4 0  |6 DT0154 F27 F76  |7 1  |9 2748  |a ARCE  |b ARCE  |d 2020-06-07  |l 0  |o DT154 .F27 F76  |p 1000245  |r 2020-06-07 00:00:00  |w 2020-06-07  |y BK 
999 |c 5115  |d 5115 
020 |a 9788878145207 
040 |c ARCE Library 
050 0 4 |a DT154 .F27 F76 
100 1 |a Barich, Barbara E.,  |e author  |9 26250 
245 1 0 |a From lake to sand :  |b the archaeology of Farafra Oasis Western Desert, Egypt /  |c Barbara E Barich, Giulio Lucarini. 
264 1 |a Firenze :   |b All'insegna del giglio,   |c 2014. 
300 |a xxiv, 503 pages :  |b illustrations ;  |c 29 cm. 
336 |a text  |b txt  |2 rdacontent 
337 |a unmediated  |b n  |2 rdamedia 
338 |a volume  |b nc  |2 rdacarrier 
504 |a Bibliography : pages 485-503. 
650 0 |a Excavations (Archaeology)  |z Egypt  |z Farafra Oasis. 
651 0 |a Farafra Oasis (Egypt)  |x Antiquities. 
700 1 |a Lucarini, Giulio.  |9 34947 
901 |a reviewed 
942 |c BK  |2 lcc